Sports Quiz

Random Sports or Basketball Quiz
Score 0/12 Timer 02:00
0 Plays Today
% Correct
LeBron James
99.2%
Kobe Bryant
98.4%
Dwyane Wade
96%
Chris Paul
95.8%
Carmelo Anthony
94.8%
Dwight Howard
94.7%
Jason Kidd
93.9%
Chris Bosh
93.9%
Deron Williams
83.4%
Carlos Boozer
74.6%
Tayshaun Prince
62.2%
Michael Redd
33.7%
Remove Ads.
Support Sporcle.
Get the best of Sporcle when you Go Orange. This ad-free experience offers more features, more stats, and more fun while also helping to support Sporcle. Thank you for becoming a member.

You're not logged in!

Compare scores with friends on all Sporcle quizzes.
OR
Log In

Sporcle TV

Today on Sporcle TV


Watch our educational content, quiz creation guides, and fun videos on Sporcle TV.

Show Comments

Extras

Top Quizzes Today


Score Distribution

Paid Content

Your Account Isn't Verified!

In order to create a playlist on Sporcle, you need to verify the email address you used during registration. Go to your Sporcle Settings to finish the process.

Report this User

Report this user for behavior that violates our Community Guidelines.

Details: